30 Biggest moons of the solar system - Statistics

General Stats
  • This quiz has been taken 43 times
    42 since last reset
  • The average score is 15 of 30
Answer Stats
Hint Place Answer % Correct
Jupiter 1 Ganymede
97%
Jupiter 4 Io
91%
Earth 5 Moon
91%
Saturn 2 Titan
91%
Jupiter 6 Europa
88%
Jupiter 3 Calisto
82%
Neptune 7 Triton
82%
Pluto 12 Charon
73%
Uranus 8 Titania
73%
Saturn 9 Rhea
67%
Saturn 21 Mimas
64%
Uranus 13 Umbriel
58%
Uranus 10 Oberon
55%
Uranus 14 Ariel
52%
Saturn 15 Dione
52%
Saturn 18 Enceladus
52%
Saturn 11 Iapetus
48%
Saturn 25 Hyperion
39%
Neptune 20 Proteus
39%
Saturn 16 Tethys
39%
Eris 17 Dysnomia
33%
Neptune 22 Nereid
30%
Haumea 23 Hi'iaka
24%
Neptune 28 Larissa
21%
Orcus 19 Vanth
18%
Quaoar 27 Weywot
18%
Salacia 24 Actaea
15%
Saturn 30 Janus
15%
Saturn 26 Phoebe
15%
Uranus 29 Sycorax
12%
No matching quizzes found
Score Distribution
Percent of People with Each Score
Percentile by Number Answered
Your Score History
You have not taken this quiz since the last reset